Balmaceda: su gobierno. La Revolución de 1891.
Đã lưu trong:
| Tác giả chính: | |
|---|---|
| Định dạng: | Sách |
| Ngôn ngữ: | Tiếng Tây Ban Nha |
| Được phát hành: |
París, Francia
Librería de Garnier Hermanos
1894
|
| Những chủ đề: | |
| Các nhãn: |
Thêm thẻ
Không có thẻ, Là người đầu tiên thẻ bản ghi này!
|
MARC
| LEADER | 00000nam a2200000 a 4500 | ||
|---|---|---|---|
| 001 | UCJ3059 | ||
| 003 | CL-VaPUC | ||
| 005 | 20241021164757.0 | ||
| 008 | 070124e18940000FR |||||||||||||||||spa|d | ||
| 999 | |c 319182 |d 319180 | ||
| 040 | |c Pontificia Universidad Católica de Valparaíso | ||
| 082 | 0 | 4 | |a 983.063 BAÑ 1894 |2 21 |
| 100 | 0 | |a Bañados Espinosa, Julio |9 504243 | |
| 245 | 1 | 0 | |a Balmaceda: su gobierno. La Revolución de 1891. |
| 260 | 0 | 3 | |a París, Francia |b Librería de Garnier Hermanos |c 1894 |
| 300 | |a 2 volúmenes. | ||
| 500 | |a Front. volumen 1, retrato del Presidente Balmaceda | ||
| 583 | |a last modification |c 20070124 00:00:00 |k Rodrigo Vera | ||
| 600 | 0 | |a Balmaceda Fernández, José Manuel, |d 1840-1891 |9 315369 | |
| 600 | 0 | |a Vicuña, Claudio |9 315375 | |
| 600 | 0 | 7 | |a PRATS, BELISARIO |2 CL-VaPUC |9 438235 |
| 650 | 0 | |a Historia de Chile |9 265473 | |
| 650 | 7 | |a GUERRA CIVIL DE 1891 |2 CL-VaPUC |9 408173 | |
| 650 | 0 | |a Partidos políticos |9 254999 | |
| 650 | 0 | |a Parlamentarismo |9 315379 | |
| 650 | 7 | |a MEMORIAS POLITICAS |2 CL-VaPUC |9 504244 | |
| 650 | 0 | |a Presidentes de Chile |9 268293 | |
| 650 | 7 | |a CONFLICTO DE PODERES |2 CL-VaPUC |9 504182 | |
| 650 | 0 | |a Iconografía |9 267998 | |
| 650 | 0 | |a Operaciones militares |9 372045 | |
| 650 | 0 | |a Diplomacia |9 256483 | |
| 942 | |c BK |2 ddc | ||
| 945 | |d 20070124 00:00:00 |a rinostro | ||
| 952 | |0 0 |1 0 |4 0 |6 983_063000000000000_BAÑ_1894 |7 0 |8 X |9 397435 |a FDOBUD |b FDOBUD |d 2019-11-22 |h v.1 |i 1009389 |o 983.063 BAÑ 1894 |p 1009389 |r 2019-11-22 |t 1 |w 2019-11-22 |y BK_X |k BUD | ||
| 952 | |0 0 |1 0 |4 0 |6 983_063000000000000_BAÑ_1894 |7 0 |8 X |9 397436 |a FDOBUD |b FDOBUD |d 2019-11-22 |h v.2 |i 1009397 |o 983.063 BAÑ 1894 |p 1009397 |r 2019-11-22 |t 1 |w 2019-11-22 |y BK_X |k BUD | ||